000 00495cam a22001457a 4500
008 180718b1963 xxu||||| |||| 00| 0 eng d
082 _aJ7x42 Un3
245 _aTown centres: current practice
_cby Her Majesty's Stationery Office
260 _aLondon
_bHer Majesty's Stationery Office
_c1963
300 _a74p
500 _aPlanning bulletin 4
650 _aCentral business districts --Great Britain.
650 _aCity planning --Great Britain
700 _aU.K. Her Majesty's Stationery Office
999 _c416613
_d416613